| 000 | 00874nam2a2200229 4500 | ||
|---|---|---|---|
| 001 | rc\2833401 | ||
| 005 | 20110626142707.9 | ||
| 035 | _a(NLR Aleph) 006991261 | ||
| 090 |
_a13572742 _c13572742 |
||
| 100 | _a20110626d1929 |||y0rusy50 ca | ||
| 101 | 0 | _arus | |
| 102 | _aRU | ||
| 105 | _ay z ||||| | ||
| 200 | 1 | _aЕстественные луга в ланшафте таежной поймы реки Васюгана | |
| 210 | _d1929 | ||
| 461 | 0 |
_1001rc\2833398 _12001#$aБюллетени Института луговой и болотной культуры имени профессора В.Р. Вильямса$e№ 1-5$fСССР. Нар. комиссариат зем. Ин-т мелиораций$v№ 3 |
|
| 700 | 1 |
_aБронзова _bГ. Я. |
|
| 801 | 0 |
_aRU _bNLR _gpsbo |
|
| 801 | 1 |
_aRU _bELAR _2rusmarc |
|
| 852 |
_aNLR _j114/1197 |
||
| 942 | _cBOOK | ||
| 980 | _aNB | ||